000 01013cab a2200241 4500
001 X87761
008 090401t1997 xxu||||| |||| 00| 0 eng d
035 _a(Sirsi) u82141
041 _aeng
245 _aWinchester CC v Flight Plastics
260 _c1997
350 _a0
490 _aPlanning Appeal Decisions
_v(1997) 12 PAD 542-545(4)
520 _aRefusal of permission on application to vary condition of existing planning permission limiting hours of working - existing breach of condition - noise and disturbance to nearby residential occupiers - Structure and Local Plans - PPGs 1, 4 and 24 - B.S. 4142:1990 - site by railway line - late night activity outside the building - small businesses - local employment - whether hours essential to future viability of company.
650 _aPPG1
650 _aPPG24
650 _aPPG4
650 _aWINCHESTER CC V FLIGHT PLASTICS
650 _aWORKING HOURS
690 _aPLANNING LAW AND PRACTICE-CASE LAW
942 _n0
948 _c17/11/1997
999 _c51816
_d51816